000 00853nam a2200181 i 4500
001 152303
003 ES-MaACL
005 20230906204630.0
008 051014s1867 fr ac | |||||||| ||fre d
040 _aCAM
_bspa
_cCAM
100 1 _aBoisduval, Jean-Alphonse.
_929860
245 1 0 _aEssai sur l'entomologie horticole
_b: comprenant l'histoire des insectes nuisibles a l'horticulture avec l'indication des moyens propres a les éloigner ou a les détruire et l'histoire des insectes et autres animaux utiles aux cultures /
_cpar le Dr Boisduval.
260 _aParis :
_bLibrairie d'Horticulture de E. Donnaud,
_c1867.
300 _aXVI, 648 p., [1] h. de lám. :
_bil. ;
_c21 cm.
599 _aLa h. de lám. lit. retrato del autor.
650 4 _aInsectos nocivos para la agricultura.
_9136298
852 _aES-MaACL
_jC-12028
_z-- Enc. pasta española
999 _c152303
_d152303